AACE International (Record no. 119422)

MARC details
000 -LEADER
fixed length control field 01017cam a2200217 4500
001 - CONTROL NUMBER
control field WS104588
008 - FIXED-LENGTH DATA ELEMENTS--GENERAL INFORMATION
fixed length control field 000000n 000 0 eng u
035 ## - SYSTEM CONTROL NUMBER
System control number (Sirsi) u104588
245 ## - TITLE STATEMENT
Title AACE International
520 ## - SUMMARY, ETC.
Summary, etc. Web site for this US based organisation which describes itself as the 'association for total cost management' with members in 78 countries. Contains the usual organisational information but also includes a Parametric Cost Estimating Model for buildings and an Estate Preparation Costs/Schedule Calculator. Also has links to their journal 'Cost Engineering' back to January 1999 and allows you to search its library database.
650 ## - SUBJECT ADDED ENTRY--TOPICAL TERM
Topical term or geographic name entry element USA
650 ## - SUBJECT ADDED ENTRY--TOPICAL TERM
Topical term or geographic name entry element COST ENGINEERING
650 ## - SUBJECT ADDED ENTRY--TOPICAL TERM
Topical term or geographic name entry element TOTAL COST MANAGEMENT
650 ## - SUBJECT ADDED ENTRY--TOPICAL TERM
Topical term or geographic name entry element LIBRARY
650 ## - SUBJECT ADDED ENTRY--TOPICAL TERM
Topical term or geographic name entry element INTERNATIONAL
650 0# - SUBJECT ADDED ENTRY--TOPICAL TERM
Topical term or geographic name entry element ORGANISATION
650 0# - SUBJECT ADDED ENTRY--TOPICAL TERM
Topical term or geographic name entry element PARAMETRIC COST ESTIMATING MODEL
690 ## - LOCAL SUBJECT ADDED ENTRY--TOPICAL TERM (OCLC, RLIN)
Topical term or geographic name as entry element BUILT ENVIRONMENT-BUILDING COSTS
856 40 - ELECTRONIC LOCATION AND ACCESS
Uniform Resource Identifier <a href="https://www.aacei.org/">https://www.aacei.org/</a>
Public note View the website free of charge at www.aacei.com...
942 ## - ADDED ENTRY ELEMENTS (KOHA)
Suppress in OPAC 0
Holdings
Withdrawn status Lost status Source of classification or shelving scheme Damaged status Not for loan Home library Current library Shelving location Date acquired Total Checkouts Full call number Barcode Date last seen Copy number Price effective from Koha item type
    Dewey Decimal Classification     Virtual Virtual Online 07/03/2000   WEB SITE 104588-2001 06/08/2019 1 06/08/2019 Online material